000 00594cam a22002053a 4500
001 43522
003 PGUSA
005 20140828084005.0
008 130822s2013||||xxu|||||s|||||000 | eng d
040 _aPGUSA
_beng
042 _adc
100 1 _aWilliam II, German Emperor,
_d1859-1941
245 1 4 _aThe Kaiser's Memoirs
_h[electronic resource] /
_cGerman Emperor William II
260 _bProject Gutenberg,
_c2013
506 _aPublic domain in the USA.
516 _aElectronic text
830 0 _aProject Gutenberg
_v43522
856 4 0 _uhttp://www.gutenberg.org/ebooks/43522
942 _cEB
999 _c272773
_d272773